|
|
|
|
| LEADER |
00845naa a2200217 i 4500 |
| 001 |
acta85341 |
| 005 |
20240909105247.0 |
| 008 |
240909s2024 hu o 100 hun d |
| 020 |
|
|
|a 978-963-306-993-6
|
| 040 |
|
|
|a SZTE Egyetemi Kiadványok Repozitórium
|b hun
|
| 041 |
|
|
|a hun
|
| 100 |
1 |
|
|a Lovas Attila
|
| 245 |
1 |
0 |
|a Markov-láncok nemstacionárius véletlen környezetben
|h [elektronikus dokumentum] :
|b [absztrakt] /
|c Lovas Attila
|
| 260 |
|
|
|a Szegedi Tudományegyetem - Bolyai Intézet
|b Szeged
|c 2024
|
| 300 |
|
|
|a 28-29
|
| 490 |
0 |
|
|a Alkalmazott Matematikai Konferencia
|
| 650 |
|
4 |
|a Természettudományok
|
| 650 |
|
4 |
|a Matematika
|
| 695 |
|
|
|a Markov-folyamat - előadáskivonat
|
| 711 |
|
|
|a Alkalmazott Matematikai Konferencia
|c Szeged
|d 2024. június 3-5.
|
| 856 |
4 |
0 |
|u http://acta.bibl.u-szeged.hu/85341/1/amk_2024_028-029.pdf
|z Dokumentum-elérés
|